Le délai maximum pour un avortement non thérapeutique en Europe - Statistiques

Statistiques générales
  • Ce quiz a été pris 31 fois
  • Le résultat moyen est 28 sur 35
Statistiques - réponses
Délai Pays % Correct
16 semaines France
100%
12 semaines Norvège
100%
18 semaines Suède
100%
12 semaines Danemark
96%
14 semaines Espagne
96%
90 jours Italie
93%
12 semaines Suisse
93%
14 semaines Belgique
89%
12 semaines Grèce
89%
10 semaines Portugal
89%
12 semaines Allemagne
85%
10 semaines Croatie
85%
12 semaines Irlande
85%
24 semaines Pays-Bas
85%
12 semaines Albanie
81%
12 semaines Estonie
81%
22 semaines Islande
81%
12 semaines Lettonie
81%
12 semaines Lituanie
81%
14 semaines Roumanie
81%
12 semaines Autriche
78%
12 semaines Bulgarie
78%
10 semaines Kosovo
78%
14 semaines Luxembourg
78%
10 semaines Monténégro
74%
10 semaines Serbie
74%
12 semaines Slovaquie
74%
10 semaines Slovénie
74%
12 semaines Tchéquie
74%
12 semaines Ukraine
74%
12 semaines Macédoine
70%
10 semaines Bosnie-Herzégovine
67%
12 semaines Moldavie
67%
12 semaines Biélorussie
63%
12 semaines Saint-Marin
48%
Aucun quiz correspondant
Distribution des résultats
% des personnes avec chaque résultat
Percentile par nombre de réponses
Votre historique - résultats
Vous n’avez pas pris ce quiz